000 00581nam a2200145 4500
001 120576
003 ES-MaACL
007 t|
008 070214s1911 sp r ||||1| spa d
100 1 _aPizarroso y Belmonte, Carlos.
_992455
245 1 0 _aAnales de la Diputación Provincial de Canarias
_b: puestos en orden e ilustrados con la Historia Política Contemporánea /
_cpor D. Carlos Pizarroso y Belmonte.
_n, . Primera Parte,
_pDe 1813 a 1841.
260 _aSanta Cruz de Tenerife :
_b[s. n.],
_c1911 (
_fTip. Católica)
300 _a288 p. ;
_c24 cm.
852 _aES-MaACL
_jC-7211
999 _c120576
_d120576